[Event "Autumn Cup - Group C"]
[Site "Wellington Chess Club"]
[Date "2021.05.20"]
[Round "3.1"]
[White "Tanoi, Edward"]
[Black "Jelley, Arch"]
[Result "1/2-1/2"]
[WhiteElo "1944"]
[BlackElo "1966"]

1. d4 d5 2. c4 e5 3. dxe5 d4 4. Nf3 Nc6 5. a3 Bg4 6. Bf4 Nge7 7. e6 Bxe6 8.
Nbd2 Ng6 9. Bg5 Be7 10. Bxe7 Qxe7 11. g3 O-O 12. Bg2 Rad8 13. O-O b6 14. Qc2
Nce5 15. Ne1 c5 16. Nd3 Nxd3 17. exd3 Qc7 18. b4 a6 19. Rab1 Rb8 20. Qa4 a5 21.
bxa5 bxa5 22. Nb3 Bf5 23. Rbd1 Ne5 24. Nxa5 Bg4 25. Nb3 Bxd1 26. Rxd1 Qb6 27.
Nc1 h5 28. Re1 Qd6 29. Qd1 g6 30. Ne2 Rb2 31. Nf4 Rfb8 32. Bd5 Kg7 33. Qa4 Kh6
34. Qa7 g5 35. Nh3 Rb1 36. Rxb1 Rxb1+ 37. Kg2 Rb2 38. Qa8 Qf6 39. Qf8+ Qg7 40.
Qxc5 Nxd3 41. Qd6+ f6 42. Be4 g4 43. Bxd3 gxh3+ 44. Kf1 Rd2 45. Qxd4 Qg6 46.
Bxg6 Rxd4 47. Bf7 Kg7 48. Bd5 Rd1+ 49. Ke2 Ra1 50. c5 Rxa3 51. c6 Rc3 52. Be6
Rxc6 53. Bxh3 Rc4 54. Bf5 Rc5 55. Bh3 Kh6 56. Bf1 f5 57. h4 Kg6 58. Ke3 Rc3+
59. Kf4 Rb3 60. Bh3 Rb4+ 61. Kf3 Rb2 62. Bf1 Rb3+ 63. Kf4 1/2-1/2

[Event "Autumn Cup - Group C"]
[Site "Wellington Chess Club"]
[Date "2021.05.20"]
[Round "3.2"]
[White "Pomeroy, Arthur"]
[Black "Jackson, Ross"]
[Result "1/2-1/2"]
[WhiteElo "2005"]
[BlackElo "1952"]

1. e4 e5 2. Nf3 Nc6 3. Bb5 a6 4. Ba4 b5 5. Bb3 Be7 6. O-O d6 7. d4 Nxd4 8. Nxd4
exd4 9. Bd5 Rb8 10. Qe1 Nf6 11. Bc6+ Bd7 12. Bxd7+ Qxd7 13. Na3 O-O 14. Bf4 Nh5
15. Bd2 1/2-1/2

[Event "Autumn Cup - Group C"]
[Site "Wellington Chess Club"]
[Date "2021.05.27"]
[Round "4.2"]
[White "Jackson, Ross"]
[Black "Van der Hoorn, Thomas"]
[Result "0-1"]
[WhiteElo "1952"]
[BlackElo "1906"]

1. d4 Nf6 2. c4 e6 3. Nc3 Bb4 4. e3 c5 5. Bd3 Bxc3+ 6. bxc3 d6 7. e4 Nc6 8. Ne2
e5 9. O-O O-O 10. d5 Na5 11. f4 exf4 12. Bxf4 Qc7 13. Ng3 Re8 14. h3 Nd7 15.
Qa4 Kf8 16. Nf5 Ne5 17. Nxd6 Qxd6 18. Qxa5 b6 19. Qa3 Bxh3 20. Bxe5 Qxe5 21.
Qb2 Bg4 22. Qd2 Rad8 23. Rf4 Bc8 24. Raf1 f6 25. R1f2 Kg8 26. Be2 Qd6 27. Bh5
Re5 28. Be2 Bd7 29. Bd3 Be8 30. Bc2 Bg6 31. Bd3 Rde8 32. Qc2 R8e7 33. Rf1 Qd8
34. g4 Qd7 35. R1f2 h5 36. gxh5 Rxh5 37. Rg2 Qh3 38. Kf2 Kh7 39. Be2 Rg5 40.
Bf3 Ree5 41. Qd2 Kg8 42. d6 Rxg2+ 43. Bxg2 Qd7 44. Qd3 Re6 45. Qd5 Qxd6 46. Ke3
Qe7 47. Bh3 f5 48. Bxf5 Bxf5 49. Rxf5 Kh7 50. Rh5+ Rh6 51. Qf5+ g6 52. Rxh6+
Kxh6 53. Qh3+ Kg7 54. Qg3 g5 55. e5 Kg6 56. Ke4 Qe6 57. Kd3 Kf5 58. Qf3+ Kxe5
59. Qb7 a5 0-1

[Event "Autumn Cup - Group C"]
[Site "Wellington Chess Club"]
[Date "2021.05.27"]
[Round "4.3"]
[White "Tanoi, Edward"]
[Black "Pomeroy, Arthur"]
[Result "1-0"]
[WhiteElo "1944"]
[BlackElo "2005"]

1. d4 Nf6 2. Nf3 g6 3. Nc3 Bg7 4. Bf4 O-O 5. e3 c5 6. d5 d6 7. h3 a6 8. a4 Qa5
9. Nd2 Nbd7 10. Nc4 Qd8 11. e4 Rb8 12. a5 Ne8 13. Bd3 Nc7 14. O-O Nb5 15. Na4
Re8 16. c3 e5 17. dxe6 Rxe6 18. Qd2 Ne5 19. Nxe5 dxe5 20. Bg5 Qc7 21. Qe3 c4
22. Be2 Bf8 23. Rfd1 f6 24. Bh6 Be7 25. Rd5 Rc6 26. Nb6 Be6 27. Qf3 Nd6 28. Rd2
Nf7 29. Be3 Rf8 30. Nd5 Bxd5 31. exd5 Rd6 32. Bb6 Qc8 33. Ra4 Rxb6 34. axb6 Nd6
35. Qe3 Qd8 36. Bxc4 e4 37. Be2 f5 38. f4 exf3 39. Bxf3 Kg7 40. Re2 Bf6 41. Qc5
Qd7 42. Qc7 Qxc7 43. bxc7 Rc8 44. Re6 1-0

[Event "Autumn Cup - Group C"]
[Site "Wellington Chess Club"]
[Date "2021.06.03"]
[Round "5.1"]
[White "Pomeroy, Arthur"]
[Black "Jelley, Arch"]
[Result "0-1"]
[WhiteElo "2005"]
[BlackElo "1966"]

1. e4 c5 2. Nf3 Nc6 3. d4 cxd4 4. Nxd4 Nf6 5. Nc3 a6 6. g3 e6 7. Bg2 Qb6 8. Nb3
Be7 9. O-O d6 10. a4 Bd7 11. a5 Qc7 12. Be3 O-O 13. Bb6 Qc8 14. Na4 Nb4 15. c3
Bxa4 16. Rxa4 Nc6 17. f4 Nd7 18. Be3 Rb8 19. Nd4 Nxd4 20. Bxd4 b5 21. axb6 Nxb6
22. Ra2 Nc4 23. b3 Nb6 24. Qd3 d5 25. exd5 Nxd5 26. Bxd5 exd5 27. b4 Rb5 28. f5
f6 29. Rfa1 Qc4 30. Qxc4 dxc4 31. g4 Rd8 32. Rxa6 Bxb4 33. Ra8 Rd5 34. Rxd8+
Rxd8 35. Ra4 Be7 36. Rxc4 Ra8 37. Kf2 Ra2+ 38. Kf3 h5 39. h3 Rh2 40. gxh5 Rxh3+
41. Ke4 Rxh5 42. Bc5 Bxc5 43. Rxc5 Rh1 44. Kd5 g6 45. Ke6 gxf5 46. Kxf6 f4 47.
Rf5 Rc1 48. Rg5+ Kh7 49. Rh5+ Kg8 50. Rg5+ 0-1

[Event "Autumn Cup - Group C"]
[Site "Wellington Chess Club"]
[Date "2021.06.03"]
[Round "5.2"]
[White "Van der Hoorn, Thomas"]
[Black "Tanoi, Edward"]
[Result "0-1"]
[WhiteElo "1906"]
[BlackElo "1944"]

1. e4 d6 2. d4 Nf6 3. Nc3 Nbd7 4. Be3 e5 5. Qd2 exd4 6. Bxd4 Be7 7. f3 c6 8.
O-O-O b5 9. g4 O-O 10. h4 b4 11. Nce2 c5 12. Be3 Qa5 13. Kb1 Ne5 14. Nc1 c4 15.
Bd4 Be6 16. g5 Nfd7 17. f4 c3 18. bxc3 Rab8 19. Nb3 Bxb3 20. axb3 Nc6 21. cxb4
Nxb4 22. Bc3 Qa2+ 23. Kc1 Nc5 24. Re1 Rfc8 25. Bc4 Na4 26. Re2 Rxc4 27. bxc4
Nd5 28. Qxd5 Qa3+ 29. Kd2 Qxc3+ 30. Kc1 Rb1+ 0-1

[Event "Autumn Cup - Group D"]
[Site "Wellington Chess Club"]
[Date "2021.05.06"]
[Round "1.1"]
[White "Wevers, Alexis"]
[Black "Ackroyd, William"]
[Result "1/2-1/2"]
[WhiteElo "1845"]
[BlackElo "1822"]

1. c4 d6 2. g3 e5 3. Bg2 f5 4. d4 Nf6 5. dxe5 dxe5 6. Qxd8+ Kxd8 7. Nc3 c6 8.
e4 Bb4 9. Bd2 Nbd7 10. O-O-O Ke7 11. exf5 Nc5 12. Be3 Bxf5 13. Bxc5+ Bxc5 14.
Nf3 Bxf2 15. Rhf1 Be3+ 16. Nd2 Bd3 17. Rf3 Bxd2+ 18. Rxd2 Bxc4 19. Re3 Nd7 20.
b3 Be6 21. Ne4 Bd5 22. Bh3 b6 23. Bxd7 Kxd7 24. Ng5 Rae8 25. Nf7 Rhf8 26. Nxe5+
Kd6 27. Rde2 Re6 28. Kb2 Rf5 29. Nd3 Rxe3 30. Rxe3 Rf3 31. Rxf3 Bxf3 32. Kc3
Be2 1/2-1/2

[Event "Autumn Cup - Group D"]
[Site "Wellington Chess Club"]
[Date "2021.05.06"]
[Round "1.2"]
[White "Aldridge, Alan"]
[Black "Perrin, Brent"]
[Result "0-1"]
[WhiteElo "1826"]
[BlackElo "1900"]

1. e4 e6 2. d4 d5 3. e5 c5 4. c3 Ne7 5. Nf3 Nd7 6. Bd3 Nc6 7. O-O Be7 8. a3 Qb6
9. Bc2 f6 10. Re1 fxe5 11. dxe5 O-O 12. c4 Nd4 13. Nxd4 cxd4 14. Qd3 g6 15.
cxd5 exd5 16. b4 a5 17. Bb2 axb4 18. Bb3 bxa3 19. Bxd5+ Kg7 20. Bxa3 Bxa3 21.
Nxa3 Qc5 22. Bf3 Nxe5 23. Qb5 Nxf3+ 24. gxf3 Qxb5 25. Nxb5 Rxa1 26. Rxa1 d3 27.
Nd6 Rd8 28. Ne4 Bf5 29. Nd2 Kf6 30. Kf1 Re8 31. Rd1 b5 32. Nb3 Bh3+ 33. Kg1 Rd8
34. Nc5 d2 35. Ne4+ Ke5 36. Nxd2 Kf4 0-1

[Event "Autumn Cup - Group D"]
[Site "Wellington Chess Club"]
[Date "2021.05.06"]
[Round "1.3"]
[White "Loke, Kayden"]
[Black "Chen, Wei Kai"]
[Result "0-1"]
[WhiteElo "1833"]
[BlackElo "1879"]

1. e4 c6 2. d4 d5 3. Nc3 dxe4 4. Nxe4 Bf5 5. Ng3 Bg6 6. c3 Nf6 7. h4 h6 8. Nf3
Nbd7 9. Bc4 e6 10. Bf4 Nd5 11. Bd2 Bd6 12. Qe2 O-O 13. O-O-O Nf4 14. Qe1 b5 15.
Ne2 Nxe2+ 16. Bxe2 Qa5 17. Be3 Qxa2 18. Bd3 Bxd3 19. Rxd3 Nb6 20. Kc2 Qa4+ 21.
Kd2 Nc4+ 22. Ke2 Nxb2 23. Rd2 Qc4+ 0-1

[Event "Autumn Cup - Group D"]
[Site "Wellington Chess Club"]
[Date "2021.05.06"]
[Round "5.3"]
[White "Perrin, Brent"]
[Black "Wevers, Alexis"]
[Result "0-1"]
[WhiteElo "1900"]
[BlackElo "1845"]

1. e4 c5 2. Nf3 Nc6 3. c3 d5 4. exd5 Qxd5 5. d4 Bg4 6. Be2 O-O-O 7. O-O f6 8.
h3 Bh5 9. c4 Qd7 10. d5 Qc7 11. Nc3 e6 12. Be3 g5 13. Nb5 Qf7 14. Qa4 exd5 15.
cxd5 Qxd5 16. Rfd1 Qe6 17. Nxa7+ Nxa7 18. Qxa7 Rxd1+ 19. Rxd1 Bd6 20. b4 Ne7
21. bxc5 Nc6 22. Qa8+ Bb8 23. Nxg5 Qe8 24. Bxh5 Qxh5 25. Nf3 Rg8 26. h4 Qxf3
27. g3 Qxd1+ 0-1

[Event "Autumn Cup - Group D"]
[Site "Wellington Chess Club"]
[Date "2021.05.13"]
[Round "2.1"]
[White "Ackroyd, William"]
[Black "Chen, Wei Kai"]
[Result "1-0"]
[WhiteElo "1822"]
[BlackElo "1879"]

1. e4 e5 2. Bc4 Nc6 3. Nf3 d6 4. c3 Be6 5. Bxe6 fxe6 6. Qb3 Qd7 7. d4 exd4 8.
cxd4 O-O-O 9. O-O Nf6 10. d5 Ne5 11. Nd4 exd5 12. exd5 Qg4 13. Be3 a6 14. f3
Qh5 15. Ne6 Rd7 16. Nc3 Rg8 17. Ba7 g5 18. Qb6 g4 19. Na4 Nxd5 20. Rac1 Nc6 21.
Rxc6 Qf7 22. Qb3 Qxe6 23. Nb6+ Kd8 24. Nxd5 Rg5 25. Nf4 Qxb3 26. axb3 bxc6 27.
Ne6+ Kc8 28. Nxg5 c5 29. fxg4 Bh6 30. Ne4 Be3+ 31. Kh1 Kb7 32. b4 Kxa7 33. bxc5
d5 34. c6 Rg7 35. Rf3 d4 36. h3 Kb6 37. Ng3 Kxc6 38. Nf5 Rg5 39. Nxe3 dxe3 40.
Rxe3 h5 41. gxh5 Rxh5 42. g4 Rb5 43. Re2 Kd5 44. g5 Kd4 45. Rg2 1-0

[Event "Autumn Cup - Group D"]
[Site "Wellington Chess Club"]
[Date "2021.05.13"]
[Round "2.2"]
[White "Perrin, Brent"]
[Black "Loke, Kayden"]
[Result "1-0"]
[WhiteElo "1900"]
[BlackElo "1833"]

1. e4 g6 2. f4 d6 3. Nf3 Bg7 4. Bc4 f5 5. Ng5 Nh6 6. exf5 Bxf5 7. Ne6 Bxe6 8.
Bxe6 Nd7 9. d4 Nf8 10. Bh3 e5 11. O-O exd4 12. Re1+ Kf7 13. Qf3 d5 14. c3 c6
15. Bd2 Qb6 16. cxd4 Qxb2 17. Bc3 Bxd4+ 18. Kh1 Bxc3 19. Nxc3 Qb4 20. Rab1 Qd6
21. Rxb7+ Kf6 22. Qg3 Nf7 23. Ree7 Qxe7 24. Qh4+ g5 25. fxg5+ Nxg5 26. Qf4+ 1-0

[Event "Autumn Cup - Group D"]
[Site "Wellington Chess Club"]
[Date "2021.05.13"]
[Round "2.3"]
[White "Wevers, Alexis"]
[Black "Aldridge, Alan"]
[Result "0-1"]
[WhiteElo "1845"]
[BlackElo "1826"]

1. d4 Nf6 2. Bf4 d5 3. e3 Bf5 4. Nd2 e6 5. c4 Bd6 6. Bg3 O-O 7. c5 Bxg3 8. hxg3
b6 9. b4 bxc5 10. bxc5 e5 11. dxe5 Ng4 12. Ngf3 Nc6 13. Nd4 Nxd4 14. exd4 f6
15. Be2 Qc8 16. Rh4 Nh6 17. g4 fxe5 18. gxf5 Nxf5 19. Bg4 Qd8 20. Rh3 Nxd4 21.
Nf3 Qf6 22. Qd2 Rae8 23. Nxd4 exd4+ 24. Kf1 d3 25. Re1 Rb8 26. Rf3 Qh4 27.
Rxf8+ Rxf8 28. Bh3 Qc4 29. Re3 Qxc5 30. Rxd3 c6 31. Rf3 Rb8 32. Be6+ Kh8 33.
Kg1 Qd6 34. Bf5 Qe5 35. g3 d4 36. Kg2 c5 37. Qf4 Qxf4 38. gxf4 c4 39. Ra3 Rb7
40. Kf3 g6 41. Be4 Rd7 42. Ke2 Kg7 43. Ra4 Rc7 44. Bd5 d3+ 45. Kd1 c3 46. Rc4
Rd7 47. Rd4 c2+ 48. Kc1 Re7 49. Rxd3 Rc7 50. Bb3 Kf6 51. Bxc2 h5 52. Kd2 Kf7
53. Rd6 h4 54. Rxg6 Rxc2+ 0-1

[Event "Autumn Cup - Group D"]
[Site "Wellington Chess Club"]
[Date "2021.05.20"]
[Round "3.1"]
[White "Aldridge, Alan"]
[Black "Ackroyd, William"]
[Result "1-0"]
[WhiteElo "1826"]
[BlackElo "1822"]

1. e4 c6 2. d4 d5 3. Nc3 g6 4. exd5 cxd5 5. Nf3 Bg7 6. Bf4 Nf6 7. Qd2 O-O 8.
Be2 Bg4 9. h3 Bxf3 10. Bxf3 Nc6 11. O-O-O Qa5 12. a3 e6 13. Bh6 b5 14. Bxg7
Kxg7 15. Qf4 b4 16. axb4 Qxb4 17. Rd3 e5 18. Qxf6+ Kxf6 19. Nxd5+ Kg7 20. Nxb4
Nxb4 21. Bxa8 Nxd3+ 22. cxd3 Rxa8 23. dxe5 Rd8 24. Kd2 Rd5 25. Re1 Rb5 26. Kc3
Rc5+ 27. Kb3 Rb5+ 28. Ka3 Rd5 29. Re3 g5 30. Kb4 Rd4+ 31. Kc5 Rf4 32. Re2 Kf8
33. b4 Ke7 34. f3 Rf5 35. Kc6 1-0

[Event "Autumn Cup - Group D"]
[Site "Wellington Chess Club"]
[Date "2021.05.20"]
[Round "3.2"]
[White "Loke, Kayden"]
[Black "Wevers, Alexis"]
[Result "1-0"]
[WhiteElo "1833"]
[BlackElo "1845"]

1. e4 c5 2. Nf3 e6 3. d4 cxd4 4. Nxd4 Nc6 5. c4 Qb6 6. Nb5 Nf6 7. Be3 Bb4+ 8.
N1c3 Qa5 9. f3 O-O 10. a3 Bxc3+ 11. Nxc3 d5 12. b4 Qd8 13. cxd5 exd5 14. Nxd5
Be6 15. Bc5 Re8 16. Nxf6+ Qxf6 17. Bb5 Qc3+ 18. Kf2 Rad8 19. Qc1 Rd2+ 20. Kg3
Rc2 21. Qe3 Qb2 22. Rhg1 Bc8 23. Bxc6 Re6 24. Bd4 Rg6+ 25. Kf4 Rf6+ 26. Bxf6
Qxf6+ 27. Kg3 g5 28. e5 Qh6 29. f4 Qh5 30. h3 Qh4+ 31. Kf3 gxf4 32. Qe1 Qh5+
33. Kxf4 Rc4+ 34. Be4 Qf5+ 35. Kg3 Qxe5+ 36. Kf3 f5 37. Qg3+ Qxg3+ 38. Kxg3
fxe4 39. Rac1 Rxc1 40. Rxc1 Be6 41. Kf4 Bd5 42. Rc8+ Kf7 43. Rc7+ Kg6 44. Rd7
Bc6 45. Rd6+ Kf7 46. g4 a6 47. h4 1-0

[Event "Autumn Cup - Group D"]
[Site "Wellington Chess Club"]
[Date "2021.05.20"]
[Round "3.3"]
[White "Chen, Wei Kai"]
[Black "Perrin, Brent"]
[Result "1/2-1/2"]
[WhiteElo "1879"]
[BlackElo "1900"]

1. e4 d5 2. exd5 Qxd5 3. Nf3 Bg4 4. Be2 Nc6 5. Nc3 Qd7 6. O-O e6 7. h3 Bh5 8.
Ne4 O-O-O 9. Bb5 Qd5 10. Bxc6 Qxc6 11. d3 Nf6 12. Bg5 Be7 13. Ned2 Qd5 14. Qb1
h6 15. Be3 g5 16. Ne1 g4 17. c4 Qc6 18. h4 Bg6 19. b4 g3 20. f3 Nh5 21. b5 Qd7
22. Ne4 Bxh4 23. Qb4 Bxe4 24. fxe4 Bg5 25. Bxa7 b6 26. Qa3 Qd4+ 27. Kh1 Qxa1
28. Bxb6 Bf4 29. Qa8+ Kd7 30. Qc6+ Ke7 31. Qc5+ Bd6 32. Qxh5 Rde8 33. Bxc7 Bxc7
34. Qc5+ Kd8 35. b6 Bb8 36. Qa5 Qe5 37. Qxe5 Bxe5 38. Nf3 Bb8 39. a4 f5 40. Nd4
Ke7 41. exf5 exf5 42. c5 Rc8 43. c6 Be5 44. Nxf5+ Ke6 45. d4 Rxc6 46. dxe5 Rxb6
47. Nxg3 Kxe5 48. a5 Ra6 49. Kh2 Rg8 50. Rf5+ Ke6 51. Rh5 Kd7 52. Ne4 Kc7 53.
Rc5+ Kb7 54. Rb5+ Ka7 55. Kh3 Re6 56. Rb7+ Ka8 57. Rb4 Re5 58. g4 Rxa5 59. Rb6
Ra4 60. Re6 Rh8 61. Ng3 Rg8 62. Rxh6 Raxg4 63. Ra6+ Kb7 64. Ra3 Kc6 65. Nf5 Kc5
66. Nh6 Rg3+ 1/2-1/2

[Event "Autumn Cup - Group D"]
[Site "Wellington Chess Club"]
[Date "2021.05.27"]
[Round "4.1"]
[White "Ackroyd, William"]
[Black "Perrin, Brent"]
[Result "1-0"]
[WhiteElo "1822"]
[BlackElo "1900"]

1. e4 d5 2. exd5 Qxd5 3. Nc3 Qd8 4. d4 Nf6 5. Nf3 Bg4 6. h3 Bxf3 7. Qxf3 c6 8.
Bf4 e6 9. O-O-O Bb4 10. Be5 Nbd7 11. Ne4 Nxe4 12. Qxe4 Nxe5 13. dxe5 Qa5 14.
Kb1 Qb6 15. Ka1 a5 16. f4 a4 17. a3 Be7 18. f5 exf5 19. Qxf5 O-O 20. Bc4 Qc5
21. Ba2 b5 22. c3 Bf6 23. Bb1 1-0

[Event "Autumn Cup - Group D"]
[Site "Wellington Chess Club"]
[Date "2021.05.27"]
[Round "4.2"]
[White "Wevers, Alexis"]
[Black "Chen, Wei Kai"]
[Result "0-1"]
[WhiteElo "1845"]
[BlackElo "1879"]

1. c4 e5 2. Nc3 Nc6 3. Nf3 Bc5 4. e3 d6 5. d4 exd4 6. exd4 Bb6 7. Be2 Bg4 8.
Be3 Nge7 9. O-O O-O 10. Na4 Nf5 11. Nxb6 Nxe3 12. fxe3 axb6 13. e4 Qe7 14. e5
dxe5 15. dxe5 Qc5+ 16. Kh1 Be6 17. b3 Rad8 18. Bd3 Nxe5 19. Nxe5 Qxe5 20. Qf3
c6 21. Rae1 Qd4 22. Be4 h6 23. Re3 Rfe8 24. Bb1 Qg4 25. Qf2 Rd1 26. Rg3 Qd4 27.
Qxd4 Rxf1+ 28. Qg1 Rxg1+ 29. Kxg1 Bxc4 30. bxc4 Re1+ 31. Kf2 Rxb1 32. a3 Rb2+
33. Ke3 Rb3+ 0-1

[Event "Autumn Cup - Group D"]
[Site "Wellington Chess Club"]
[Date "2021.05.27"]
[Round "4.3"]
[White "Aldridge, Alan"]
[Black "Loke, Kayden"]
[Result "1/2-1/2"]
[WhiteElo "1826"]
[BlackElo "1833"]

1. e4 e5 2. Nf3 Nf6 3. Nc3 Nc6 4. a3 Bc5 5. Bd3 O-O 6. O-O d6 7. b4 Bd4 8. Nxd4
exd4 9. Ne2 d5 10. exd5 Ne5 11. Bb2 Nxd3 12. cxd3 Bg4 13. f3 Bf5 14. Re1 Re8
15. Nxd4 Qxd5 16. Re3 c6 17. Qe2 Bd7 18. Qf2 Qg5 19. Rae1 Nd5 20. Rxe8+ Rxe8
21. Rxe8+ Bxe8 22. Qe2 Bd7 23. g3 Nf4 24. Qe3 Nh3+ 25. Kf1 Qd5 26. Nc2 Ng5 27.
Ne1 Bh3+ 28. Kf2 h6 29. Qe5 Qxe5 30. Bxe5 Bf5 31. g4 Bg6 32. f4 f6 33. Bb8 Nf7
34. Bxa7 Nd6 35. Bc5 Nb5 36. a4 Nc7 37. f5 Bf7 38. Nc2 Bb3 39. Ne3 Bxa4 40. Nc4
Na6 41. Bd6 Kf7 42. Na5 b6 43. Nc4 b5 44. Na5 Ke8 45. Ke3 Kd7 46. Bf8 Ke8 47.
Bxg7 Nxb4 48. Kd4 Kf7 49. Bxh6 Nc2+ 50. Kc3 b4+ 51. Kb2 Ne1 52. d4 Nf3 53. Nb3
Nxh2 54. g5 fxg5 55. Bxg5 Nf3 56. Bd8 Ne1 57. Nc1 Nc2 58. Nb3 Na3 59. d3 Nb5
60. Ba5 Bxb3 61. Kxb3 Nxd4+ 62. Kxb4 Nxf5 63. Kc5 Ke6 64. Kxc6 1/2-1/2

[Event "Autumn Cup - Group D"]
[Site "Wellington Chess Club"]
[Date "2021.06.03"]
[Round "5.1"]
[White "Loke, Kayden"]
[Black "Ackroyd, William"]
[Result "1-0"]
[WhiteElo "1833"]
[BlackElo "1822"]

1. e4 c6 2. d4 d5 3. exd5 cxd5 4. Bd3 Nc6 5. c3 Qc7 6. h3 g6 7. Nf3 Bf5 8. O-O
Nf6 9. Bg5 Bxd3 10. Qxd3 Ne4 11. Nbd2 h6 12. Be3 f5 13. g3 g5 14. Ne5 Nxe5 15.
dxe5 Qxe5 16. Bd4 1-0

[Event "Autumn Cup - Group D"]
[Site "Wellington Chess Club"]
[Date "2021.06.03"]
[Round "5.2"]
[White "Chen, Wei Kai"]
[Black "Aldridge, Alan"]
[Result "1/2-1/2"]
[WhiteElo "1879"]
[BlackElo "1826"]

1. e4 e5 2. Nf3 Nc6 3. Bb5 a6 4. Ba4 Nf6 5. Nc3 b5 6. Bb3 Be7 7. O-O O-O 8. d3
d6 9. h3 Na5 10. Re1 Nxb3 11. axb3 c6 12. d4 Qc7 13. Bg5 h6 14. Bh4 Nh7 15. Bg3
Ng5 16. dxe5 Nxf3+ 17. Qxf3 dxe5 18. Red1 Be6 19. Rd3 f6 20. Qe3 Rfd8 21. Rxd8+
Qxd8 22. Rd1 Qc7 23. f4 1/2-1/2

[Event "Autumn Cup - Group E"]
[Site "Wellington Chess Club"]
[Date "2021.05.06"]
[Round "1.1"]
[White "Hall, Nathan"]
[Black "Carroll, Lewis"]
[Result "1-0"]
[WhiteElo "1807"]
[BlackElo "1806"]

1. d4 d5 2. Bf4 Nf6 3. Nf3 c5 4. c3 Nc6 5. e3 Qb6 6. Qb3 c4 7. Qxb6 axb6 8. Na3
Na7 9. Be2 Bf5 10. Bc7 e6 11. Nb1 Nb5 12. Bxb6 Bxb1 13. Rxb1 Rxa2 14. O-O Ne4
15. Ra1 Rxb2 16. Ra8+ Kd7 17. Ne5+ Ke7 18. Bd8+ Kd6 19. Nxf7+ Kd7 20. Nxh8 Rxe2
21. Nf7 Nd2 22. Ne5+ Kd6 23. Ba5 Nxf1 24. Kxf1 Rb2 25. Rxf8 1-0

[Event "Autumn Cup - Group E"]
[Site "Wellington Chess Club"]
[Date "2021.05.06"]
[Round "1.2"]
[White "Langford, Josh"]
[Black "Zaslow, Henry"]
[Result "1/2-1/2"]
[WhiteElo "1802"]
[BlackElo "1800"]

1. e4 e5 2. Nf3 Nc6 3. d4 exd4 4. Bc4 Nf6 5. e5 d5 6. Bb5 Ne4 7. Nxd4 Bd7 8.
Bxc6 bxc6 9. O-O Be7 10. f3 Ng5 11. f4 Ne4 12. Nd2 Nxd2 13. Bxd2 c5 14. Nb3 Bf5
15. c3 c4 16. Nd4 Bc5 17. Be3 Bxd4 18. cxd4 O-O 19. g4 Bd3 20. Rf2 Rb8 21. f5
Qh4 22. Qf3 Be4 23. Qf4 Rb6 24. Re1 Rfb8 25. Ree2 Rxb2 26. Rxb2 Rxb2 27. Rxb2
Qe1+ 28. Qf1 Qxe3+ 29. Rf2 Qxd4 30. e6 Kf8 31. Qh3 c3 32. Qh5 g6 33. Qh4 c2 34.
Qd8+ Kg7 35. f6+ Kh6 36. Qxc7 Qd1+ 37. Rf1 Qd4+ 38. Rf2 Qa1+ 39. Rf1 Qd4+ 40.
Rf2 Qd1+ 1/2-1/2

[Event "Autumn Cup - Group E"]
[Site "Wellington Chess Club"]
[Date "2021.05.06"]
[Round "1.3"]
[White "Ashe, Michael"]
[Black "Heyworth, Nicholas"]
[Result "0-1"]
[WhiteElo "1803"]
[BlackElo "1822"]

1. d4 Nf6 2. c4 e6 3. Nc3 Bb4 4. f3 O-O 5. a3 Bxc3+ 6. bxc3 d6 7. e4 Nbd7 8.
Bd3 Re8 9. Ne2 e5 10. Be3 b6 11. O-O Bb7 12. Rb1 Rc8 13. c5 dxc5 14. dxc5 Ba8
15. cxb6 cxb6 16. Bb5 Bc6 17. c4 Bxb5 18. cxb5 Qe7 19. a4 Nc5 20. Rc1 Red8 21.
Qc2 h6 22. Qa2 Rd3 23. Bf2 Qd6 24. Rc2 Rc7 25. Rc3 Rd2 26. Rc2 Rxc2 27. Qxc2
Ncxe4 28. Qd1 Qxd1 29. Rxd1 Nxf2 30. Kxf2 Rc4 31. Ra1 e4 32. f4 Rc2 33. h3 Nd5
34. g3 Nc3 0-1

[Event "Autumn Cup - Group E"]
[Site "Wellington Chess Club"]
[Date "2021.05.13"]
[Round "2.1"]
[White "Carroll, Lewis"]
[Black "Heyworth, Nicholas"]
[Result "0-1"]
[WhiteElo "1806"]
[BlackElo "1822"]

1. Nf3 c5 2. b3 d5 3. Bb2 Nf6 4. e3 Bg4 5. h3 Bh5 6. g4 Bg6 7. Ne5 Nbd7 8. Nxg6
hxg6 9. Bg2 Nb6 10. c4 e6 11. Nc3 Be7 12. Qf3 g5 13. Qg3 dxc4 14. Nb5 Kf8 15.
Bxb7 Rb8 16. Ba6 Ne4 17. Qh2 Qxd2+ 18. Kf1 Rd8 19. Be5 c3 20. f3 Qd3+ 21. Qe2
Nd2+ 22. Kf2 c4 23. Bxc3 Bf6 24. Nd4 Qxc3 25. Rac1 Qa5 26. Nc6 Ne4+ 27. fxe4
Qxa6 28. Nxd8 Bxd8 29. Rhd1 Bf6 30. bxc4 Na4 31. e5 Be7 32. Rb1 Qc8 33. Qc2 Nb6
34. c5 Rxh3 35. Kg2 Rxe3 36. Qh7 Qc6+ 37. Kf1 Qf3+ 38. Kg1 Qxg4+ 39. Kf1 Qe2+
0-1

[Event "Autumn Cup - Group E"]
[Site "Wellington Chess Club"]
[Date "2021.05.13"]
[Round "2.2"]
[White "Zaslow, Henry"]
[Black "Ashe, Michael"]
[Result "1-0"]
[WhiteElo "1800"]
[BlackElo "1803"]

1. e4 c6 2. d4 d5 3. e5 Bf5 4. h4 h5 5. Bg5 Qb6 6. Bd3 Bxd3 7. Qxd3 Qxb2 8. e6
fxe6 9. Nf3 Qxa1 10. Qb3 Nd7 11. O-O c5 12. Nc3 Qxf1+ 13. Kxf1 cxd4 14. Nxd4 a6
15. Nxe6 Ngf6 16. Nc7+ 1-0

[Event "Autumn Cup - Group E"]
[Site "Wellington Chess Club"]
[Date "2021.05.13"]
[Round "2.3"]
[White "Hall, Nathan"]
[Black "Langford, Josh"]
[Result "0-1"]
[WhiteElo "1807"]
[BlackElo "1802"]

1. d4 Nf6 2. Nf3 e6 3. Bf4 c5 4. e3 cxd4 5. exd4 b6 6. Bd3 Bb7 7. Nbd2 Be7 8.
Nc4 d6 9. O-O O-O 10. c3 Qc7 11. Re1 Nbd7 12. Qe2 Rfe8 13. Rad1 Bf8 14. Bg3 b5
15. Ne3 a6 16. h3 g6 17. Ng4 Bc6 18. Ng5 Qb7 19. Nxf6+ Nxf6 20. f3 Bd5 21. Ne4
Bxe4 22. Bxe4 d5 23. Bd3 b4 24. Rb1 a5 25. Rec1 Rec8 26. Qd2 Nd7 27. Kf2 Nb6
28. h4 Nc4 29. Bxc4 Rxc4 30. h5 Rac8 31. hxg6 fxg6 32. Re1 Qc6 33. Qe3 bxc3 34.
bxc3 Rxc3 35. Qxe6+ Qxe6 36. Rxe6 Rc2+ 37. Kg1 Rxa2 38. Rb5 Rcc2 39. Be5 Rxg2+
40. Kh1 Rge2 41. Rb1 a4 42. Re8 Kf7 43. Rd8 a3 44. Rxd5 Rab2 45. Rc1 a2 46.
Rc7+ Be7 0-1

[Event "Autumn Cup - Group E"]
[Site "Wellington Chess Club"]
[Date "2021.05.20"]
[Round "3.1"]
[White "Langford, Josh"]
[Black "Carroll, Lewis"]
[Result "1-0"]
[WhiteElo "1802"]
[BlackElo "1806"]

1. e4 e5 2. Nf3 Nf6 3. Nxe5 d6 4. Nf3 Nxe4 5. Nc3 Nxc3 6. dxc3 Be7 7. Be3 Nc6
8. Qd2 Bf5 9. O-O-O Qd7 10. Kb1 O-O-O 11. h3 a6 12. g4 Be4 13. Bg2 f5 14. g5 f4
15. Bxf4 Rdf8 16. Nh4 Bxg2 17. Nxg2 h6 18. gxh6 gxh6 19. Be3 Rf3 20. Nf4 Bg5
21. h4 Bf6 22. Rhg1 Ne5 23. h5 Bg5 24. Qd4 Nf7 25. Ng6 Bxe3 26. fxe3 Re8 27. e4
Ng5 28. e5 Re6 29. Qa7 Qc6 30. Qa8+ Kd7 31. Nf8+ Rxf8 32. Qxf8 Rxe5 33. Qxh6
Qf3 34. Rdf1 Qe3 35. Qg7+ Kc6 36. a3 Nf3 37. Rg3 Nd2+ 38. Ka1 1-0

[Event "Autumn Cup - Group E"]
[Site "Wellington Chess Club"]
[Date "2021.05.20"]
[Round "3.2"]
[White "Ashe, Michael"]
[Black "Hall, Nathan"]
[Result "1/2-1/2"]
[WhiteElo "1803"]
[BlackElo "1807"]

1. d4 Nf6 2. c4 e6 3. Nc3 Bb4 4. f3 c5 5. d5 d6 6. e4 O-O 7. Ne2 Re8 8. Ng3
exd5 9. cxd5 a6 10. a4 Nbd7 11. Be2 Ne5 12. O-O Ng6 13. Qc2 Bd7 14. Nd1 b5 15.
b3 Qe7 16. Ne3 Rec8 17. Nef5 Qf8 18. Bb2 Ne8 19. f4 Ne7 20. Bg4 Nxf5 21. Nxf5
Bxf5 22. Bxf5 Rcb8 23. Rf3 g6 24. Qf2 Ng7 25. Bd7 bxa4 26. Bxa4 Qe7 27. Qc2 Rf8
28. Qc4 f6 29. Bc6 Ra7 30. Rxa6 Rxa6 31. Qxa6 Qxe4 32. Qf1 Nf5 33. Rf2 Nd4 34.
Bxd4 Qxd4 35. Kh1 Rf7 36. Re2 Ra7 37. Re8+ Kg7 38. Ra8 Re7 39. Ra1 Qxa1 40.
Qxa1 Re1+ 41. Qxe1 Bxe1 1/2-1/2